Szczegóły MARC21

Der Augenarzt. Bd. 8, [Erkrankungen der Papille, Erkrankungen der Netzhaut, Nuklearmedizinische Untersuchungsmethoden, Psychiatrie und Augenheilkunde] /

003 -Nazwa inst., której nr kontr. jest w polu 001 [,]
    • @
    • Nazwa instytucji, której n kontrolny jest w polu 001
    • NUKAT
005 -DATA I CZAS OSTATNIEJ MODYFIKACJI [,]
    • @
    • pole kontrolne
    • 20260408121002.0
040 -Instytucja sporządzająca opis [ , ]
    • a
    • Instytucja, która sporządziła opis (NP)
    • SZCZ U/KP
    • c
    • Instytucja, która sporządziła rekord (NP)
    • SZCZ U/KPs
    • d
    • Instytucja, która zmodyfikowała rekord (P)
    • SZCZ U/KP
942 -Rodzaj dokumentu [ , ]
    • c
    • Rodzaj dokumentu
    • Książka
100 -Hasło główne - nazwa osobowa [1, ]
    • a
    • Nazwa osobowa (NP)
    • Hollwich, Fritz
    • d
    • Daty biograficzne (NP)
    • (1909-1991).
    • 9
    • KHW
    • 417355
245 -Strefa tytułu i oznaczenia odpowiedzialności [1,4]
    • a
    • Tytuł
    • Der Augenarzt. Find
    • n
    • Oznaczenie części (P)
    • Bd. 8,
    • p
    • Nazwa części (P)
    • [Erkrankungen der Papille, Erkrankungen der Netzhaut, Nuklearmedizinische Untersuchungsmethoden, Psychiatrie und Augenheilkunde] /
    • c
    • Pozostałe elementy strefy tytułu i oznaczenia odpowiedzialności (NP)
    • hrsg. von Karl Velhagen ; mit Beiträgen von F. Hollwich, W. Krebs, P. Lommatzsch, H.-J. Correns, D. Hallermann, V. Pink, K. Velhagen.
250 -Strefa wydania [ , ]
    • a
    • Oznaczenie wydania (NP)
    • 2., ergänzte und überarbeitete Aufl.
260 -Strefa adresu wydawniczego [ , ]
    • a
    • Miejsce wydania (P)
    • Leipzig :
    • b
    • Nazwa wydawcy (P)
    • Veb Georg Thieme Leipzig,
    • c
    • Data wydania (P)
    • 1982.
300 -Strefa opisu fizycznego [ , ]
    • a
    • Określenie formy książki i/lub objętość (NP)
    • 460 s. :
    • b
    • Oznaczenie ilustracji (NP)
    • il. ;
    • c
    • Format (NP)
    • 25 cm.
336 -Typ zawartości [ , ]
    • a
    • Termin opisujący typ zawartości
    • Tekst
    • b
    • Kod określający zawartość
    • txt
    • 2
    • Źródło (terminu i kodu)
    • rdacontent
337 -Typ mediów [ , ]
    • a
    • Tryb odtwarzania
    • Bez urządzenia pośredniczącego
    • b
    • Kod typu mediów
    • n
    • 2
    • Źródło (terminu i kodu)
    • rdamedia
338 -Typ/rodzaj nośnika [ , ]
    • a
    • Hasło opisujące typ nośnika
    • Wolumin
    • b
    • Kod typu nośnika
    • nc
    • 2
    • Źródło (terminu i kodu)
    • rdacarrier
500 -Uwaga ogólna [ , ]
    • a
    • Uwaga ogólna (NP)
    • Na s. tytułowej: Mit 269 Abbildungen und 13 Tabelen.
504 -Uwaga dot. bibliogr. załącznikowej [ , ]
    • a
    • Uwaga dot. bibliografii załącznikowej
    • Bibliogr. po rozdz. Indeksy.
650 -Hasło przedmiotowe [ ,7]
    • a
    • Hasło przedmiotowe
    • Siatkówka
    • x
    • Określnik rzeczowy
    • choroby
    • x
    • Określnik rzeczowy
    • leczenie
    • v
    • Określnik formalny
    • rozprawy akademickie.
    • 2
    • Źródło terminu
    • kaba
    • 9
    • KHW
    • 417430
650 -Hasło przedmiotowe [ ,7]
    • a
    • Hasło przedmiotowe
    • Plamka żółta
    • x
    • Określnik rzeczowy
    • choroby
    • x
    • Określnik rzeczowy
    • diagnostyka
    • v
    • Określnik formalny
    • rozprawy akademickie.
    • 2
    • Źródło terminu
    • kaba
    • 9
    • KHW
    • 417431
650 -Hasło przedmiotowe [ ,7]
    • a
    • Hasło przedmiotowe
    • Oko
    • x
    • Określnik rzeczowy
    • choroby
    • x
    • Określnik rzeczowy
    • aspekt psychologiczny.
    • 2
    • Źródło terminu
    • kaba
    • 9
    • KHW
    • 417429
700 -Hasło dodatkowe - nazwa osobowa [1, ]
    • a
    • Nazwa osobowa (NP)
    • Velhagen, Karl Find
    • d
    • Daty biograficzne (NP)
    • (1897-1990).
    • e
    • Określenie rodzaju współpracy
    • Red.
    • 9
    • KHW
    • 416906
700 -Hasło dodatkowe - nazwa osobowa [1, ]
    • a
    • Nazwa osobowa (NP)
    • Krebs, Wolfgang. Find
    • 9
    • KHW
    • 417356
700 -Hasło dodatkowe - nazwa osobowa [1, ]
    • a
    • Nazwa osobowa (NP)
    • Lommatzsch, Peter Find
    • d
    • Daty biograficzne (NP)
    • (1934- ).
    • 9
    • KHW
    • 417357
700 -Hasło dodatkowe - nazwa osobowa [1, ]
    • a
    • Nazwa osobowa (NP)
    • Correns, Hans-Jacob. Find
    • 9
    • KHW
    • 417358
700 -Hasło dodatkowe - nazwa osobowa [1, ]
    • a
    • Nazwa osobowa (NP)
    • Pink, Volker. Find
    • 9
    • KHW
    • 417360
700 -Hasło dodatkowe - nazwa osobowa [1, ]
    • a
    • Nazwa osobowa (NP)
    • Hallermann, Dietrich. Find
    • 9
    • KHW
    • 417359
710 -Hasło dodatkowe - nazwa ciała zbiorowego [2, ]
    • a
    • Nazwa ciała zbiorowego lub nazwa geograficzna jako pierwszy element (NP)
    • Georg Thieme (Lipsk).
    • 4
    • Kod relacji
    • pbl
    • 9
    • KHW
    • 412359
Data inwentaryzacji Obwoluta Lokalizacja Status udost. Numer inwentarzowy Sygnatura
2015-07-291BG1N.21067N.21067